| LEADER 00000nama 2200000uu 4500 |
| 008 040531s|||| th m m a000 0 tha d |
| 041 tha |
| 050 วจ WA590 ช166ก 2551 |
| 100 ชมนาด วรรณพรศิริ และคณะ. |
| 245 การพัฒนารูปแบบการสร้างเครือข่ายเพื่อการส่งเสริมการสร้างสุขภาพอนามัยแบบองค์รวมในเด็กด้อยโอกาส จังหวัดพิษณุโลก/ชมนาด วรรณพรศิริ และคณะ. |
| 260 2551. พิษณุโลก. วิทยาลัยพยาบาลบรมราชชนนี พิษณุโลก. |
| 300 ก-ซ,136 หน้า. |
| 500 งานวิจัยนี้ได้รับทุนสนับสนุนจากสำนักงานหลักประกันสุขภาพแห่งชาติ. |
| 600 1.ชมนาด วรรณพรศิริ. |
| 650 1.การส่งเสริมสุขภาพ--ไทย--พิษณุโลก 2.เด็กด้อยโอกาส--การส่งเสริมุขภาพ--ไทย--พิษณุโลก. |
| 995 004 |